000 00938nam a22002897a 4500
003 CHAP
005 20220329135459.0
008 971013s1979 r 00010 d
010 _a37295
011 _a38267
035 _a42387
040 _cCHAP
082 _a378.99
_bM44
110 _aMéxico. Dirección General de Educación Tecnológica Agropecuaria
_976981
245 _aManual de organización del taller
260 _a(s.l.) :
_bLa Dirección,
_c1979
300 _ac.a. 125 h
590 _aBATCH-UPD
_b10
_c20130110
_lUCH01
_h1950
590 _aBATCH-UPD
_b10
_c20130410
_lUCH01
_h1312
590 _aBATCH-UPD
_b10
_c20130914
_lUCH01
_h1252
590 _aCONVERSION
_b10
_c20130109
_lUCH01
_h1321
650 1 4 _aEducación técnica.
_935672
650 1 4 _aMaquinaria agrícola
_xMantenimiento y reparación.
_971182
901 _aBK
942 _cLIBRO
949 _a378.99 M44
_bBC
_cLIBRO
_d33724000440301
_eLIBRO
_h73530
_i42387
_mD
_si
999 _c37295
_d37295